| 000 | 00827nam a2200205Ia 4500 | ||
|---|---|---|---|
| 003 | GCL | ||
| 008 | 140319s9999 xx 000 0 ara d | ||
| 040 |
_aGCL / _cGCL |
||
| 082 | 0 | 4 |
_a726.1 _bم م |
| 100 | 1 | _aالمعهد العربى لانماء المدن | |
| 245 | 1 | 0 |
_aالمساجد فى المدن العربية : توطئة لموسوعة المساجد انواعها وخدماتها وعناصرها المعمارية ومعاييرها التخطيطية / _cالمعهد العربى لانماء المدن |
| 300 | _a318 ص | ||
| 490 |
_aالهيئة العامة للاستعلامات _v0 |
||
| 650 | 0 | 4 | _aالعالم العربى |
| 650 | 0 | 4 | _aالعمارة الاسلامية |
| 650 | 0 | 4 | _aالاثار الاسلامية |
| 650 | 0 | 4 | _aالمساجد |
| 650 | 0 | 4 | _aالفنون |
| 942 |
_2ddc _cBK |
||
| 999 |
_c48463 _d48463 |
||